Southville International School and Colleges
Your cart is empty.
  • Cart
  • Lists
    Public lists list_1 View all
    Your lists Log in to create your own lists
  • Log in to your account
  • Your cookies
  • Search history
Southville International School and Colleges
  • Advanced search
  • Recent comments
  • Most popular
  • Libraries

Log in to your account

Log in with GOOGLE


If you do not have an external account, but do have a local account, you can still log in:

  1. Home
  2. MARC view: PC4D :
Normal view MARC view ISBD view

PC4D : (Record no. 276935)

[ view plain ]
MARC details
000 -LEADER
fixed length control field 01183cam a2200325 a 4500
001 - CONTROL NUMBER
control field 15294907
005 - DATE AND TIME OF LATEST TRANSACTION
control field 20141211143850.0
008 - FIXED-LENGTH DATA ELEMENTS--GENERAL INFORMATION
fixed length control field 080508s2007 ph ab b 000 0 eng
010 ## - LIBRARY OF CONGRESS CONTROL NUMBER
LC control number 2008313045
020 ## - INTERNATIONAL STANDARD BOOK NUMBER
International Standard Book Number 9789718829127
040 ## - CATALOGING SOURCE
Original cataloging agency DLC
Transcribing agency DLC
042 ## - AUTHENTICATION CODE
Authentication code lcode
-- pcc
043 ## - GEOGRAPHIC AREA CODE
Geographic area code a------
-- p------
050 00 - LIBRARY OF CONGRESS CALL NUMBER
Classification number HQ 1726
Item number .P34 2007
245 00 - TITLE STATEMENT
Title PC4D :
Remainder of title people's communications for development /
246 30 - VARYING FORM OF TITLE
Title proper/short title People's communications for development
260 ## - PUBLICATION, DISTRIBUTION, ETC. (IMPRINT)
Place of publication, distribution, etc [Manila] :
Name of publisher, distributor, etc Isis International-Manila,
Date of publication, distribution, etc 2007.
300 ## - PHYSICAL DESCRIPTION
Extent xi, 608 pages :
Other physical details illustration (chiefly colored), colored map ;
Dimensions 23 cm.
500 ## - GENERAL NOTE
General note "How intermediary groups use communication tools for grassroots women's empowerment."
504 ## - BIBLIOGRAPHY, ETC. NOTE
Bibliography, etc Includes bibliographical references.
521 ## - TARGET AUDIENCE NOTE
Target audience note Mass Communication
650 #0 - SUBJECT ADDED ENTRY--TOPICAL TERM
Topical term or geographic name as entry element Technology and women
Geographic subdivision Asia.
650 #0 - SUBJECT ADDED ENTRY--TOPICAL TERM
Topical term or geographic name as entry element Technology and women
Geographic subdivision Pacific Area.
650 #0 - SUBJECT ADDED ENTRY--TOPICAL TERM
Topical term or geographic name as entry element Women
Geographic subdivision Asia
General subdivision Social conditions.
650 #0 - SUBJECT ADDED ENTRY--TOPICAL TERM
Topical term or geographic name as entry element Women
Geographic subdivision Pacific Area
General subdivision Social conditions.
710 2# - ADDED ENTRY--CORPORATE NAME
Corporate name or jurisdiction name as entry element Isis International (Manila, Philippines)
906 ## - LOCAL DATA ELEMENT F, LDF (RLIN)
a 7
b cbc
c origode
d 3
e ncip
f 20
g y-gencatlg
942 ## - ADDED ENTRY ELEMENTS (KOHA)
Source of classification or shelving scheme Library of Congress Classification
Koha item type Books
Call number prefix Filipininana
Holdings
Withdrawn status Lost status Source of classification or shelving scheme Damaged status Home library Current library Shelving location Date acquired Cost, normal purchase price Total Checkouts Full call number Barcode Date last seen Date checked out Copy number Price effective from Koha item type Source of acquisition
    Library of Congress Classification   College Library College Library General Circulation Section   750.00 1 HQ 1233 .P39 2007 C14562 05/15/2018 01/07/2015 1 10/18/2013 Books  
    Library of Congress Classification   College Library College Library General Circulation Section 11/13/2013     HQ 1233 .P39 2007 C14427 05/15/2018   2 11/13/2013 Books  
    Library of Congress Classification   College Library College Library General Circulation Section 12/11/2014     HQ 1726 .P39 2007 C19001 05/15/2018     12/11/2014 Books Library Fund

PC4D :

APA

Isis International (Manila P., . (2007). PC4D. [Manila]: Isis International-Manila.

Chicago

Isis International (Manila Philippines), . 2007. PC4D. [Manila]: Isis International-Manila.

Harvard

Isis International (Manila P., . (2007). PC4D. [Manila]: Isis International-Manila.

MLA

Isis International (Manila Philippines), . PC4D. [Manila]: Isis International-Manila. 2007.

  • Place hold
  • Print
  • Cite
  • Add to your cart (remove)
  • Save record
    BIBTEX Dublin Core MARCXML MARC (non-Unicode/MARC-8) MARC (Unicode/UTF-8) MARC (Unicode/UTF-8, Standard) MODS (XML) RIS
  • More searches
    Search for this title in:
    Other Libraries (WorldCat) Other Databases (Google Scholar) Online Stores (Bookfinder.com) Open Library (openlibrary.org)

Exporting to Dublin Core...

SOUTHVILLE LIBRARY

Southville International School and Colleges Library

1281 Tropical Ave. Cor. Luxembourg St., BF Homes International, Las Pinas City

Tel. No. 8256374 / 252358 Loc. 117/146

Powered by Koha